| 000 | 00479nam a2200181Ia 4500 | ||
|---|---|---|---|
| 008 | 230718s9999 xx 000 0 und d | ||
| 020 | _a9788179923153 | ||
| 041 | _aeng | ||
| 082 |
_a620.7 _bPAT |
||
| 100 |
_aPatil S.P. _9174288 |
||
| 245 | _aMechanical System Design | ||
| 250 | _a2nd ed. | ||
| 260 |
_c2009 _bJaico Publishing House |
||
| 300 | _a391 | ||
| 365 |
_cRs. _b350.00 |
||
| 700 |
_aPatil S.P. _9174288 |
||
| 906 |
_dO:0111724-Sep-2010B:4513614-Sep-2010 _cMECH _b175 |
||
| 999 |
_c325866 _d325866 |
||